|
|
|
|
| LEADER |
00000nab a2200000 a 4500 |
| 001 |
vtls000755999 |
| 003 |
SK-MaSNL |
| 005 |
20260302192214.0 |
| 008 |
180205c2001 xo 0 slo |
| 015 |
|
|
|a SNBRB2001/05-14149
|
| 035 |
|
|
|a CLN000107786
|
| 040 |
|
|
|a SNKBUCL
|b slo
|c SNKBUCL
|e AACR2
|
| 041 |
0 |
|
|a slo
|
| 044 |
|
|
|a xo
|c SK
|
| 080 |
|
|
|a 792.071.2
|2 UDC-MRF-SK2
|
| 100 |
1 |
|
|a Švolík, Jozef
|4 ain
|9 840530
|
| 245 |
1 |
0 |
|a Divadlo smrdí človečinou, preto ho robím
|b hovoríme s hercom Henrichom Šiškom o muzikáloch, voľnej ...
|c [zhováral sa] Jozef Švolík
|
| 300 |
|
|
|b Fotogr.
|
| 600 |
1 |
7 |
|a Šiška, Henrich
|d 1975-
|2 snkbucl
|9 186690
|
| 655 |
|
7 |
|a články z novín a časopisov
|2 snkbucl
|9 267496
|
| 700 |
1 |
|
|a Šiška, Henrich,
|d 1975-
|4 aut
|4 uin
|9 186690
|
| 773 |
0 |
|
|x 1335-4051
|t Pravda
|g Roč. 11, č. 36 (13.2.2001), s. 7
|
| 850 |
|
|
|a Slovenská národná knižnica v Martine
|
| 852 |
|
|
|a SNK
|b KIS3GCP
|
| 958 |
|
|
|a RBX
|
| 999 |
|
|
|c 1439913
|d 1441843
|